Ekonomické a sociálne aspekty duševného vlastníctva a inovácií

Problematika inovácií ako neoddeliteľná súčasť procesu riadenia duševného vlastníctva.

Gespeichert in:
Bibliographische Detailangaben
1. Verfasser: Matušovič, Martin
Format: Buchkapitel
Sprache:Slowakisch
Schlagworte:
Tags: Tag hinzufügen
Keine Tags, Fügen Sie das erste Tag hinzu!

MARC

LEADER 00000nla a2200000 4500
001 0238219
005 20240523120141.1
041 0 |a slo 
044 |a SK 
245 1 0 |a Ekonomické a sociálne aspekty duševného vlastníctva a inovácií  |c Martin Matušovič 
520 |a Problematika inovácií ako neoddeliteľná súčasť procesu riadenia duševného vlastníctva. 
610 2 0 |a vlastníctvo duševné 
610 2 0 |a podnik 
610 2 0 |a inovácie sociálne 
610 2 0 |a inovácia 
610 2 0 |a prieskum informačný 
100 1 |a Matušovič, Martin